01499nam a2200169Ia 4500008004100000020001800041050002200059240004600081245013100127250001800258260004700276300003500323500008000358505081700438650004301255700003101298120626s2008 mx a 000 0 spa d a978970240553504aTA340bH5418 2005 aProbability and statistics in engineering10aProbabilidad y estadística para ingenieríacWilliam W. Hines, Douglas C. Montgomery [y otros], traducción Gabriel Nagore a3a. edición aMéxicob: Grupo Editorial Patriac, 2008 axii, 780 páginasbilustrado aReimpresiones: 2008, 2011, 2013 Incluye: Apéndice e Índice analítico aIntroducción a la probabilidad Variables aleatorias unidimensionales Funciones de una variable aleatoria y el concepto de esperanza Distribuciones de probabilidad conjunta Algunas distribuciones discretas importantes Algunas distribuciones continuas importantes Distribución normal Introducción a la estadística y a la descripción de datos Muestras aleatorias y distribuciones muestrales Estimación de parámetros Pruebas de hipótesis Diseño y análisis de experimentos de un solo factor: el análisis de varianza Diseño de experimentos con varios factores Regresión lineal simple y correlación Regresión múltiple Estadística no paramétrica Control estadístico de calidad e ingeniería de confiabilidad Procesos estocásticos y líneas de espera Simulación por computadora14aINGENIERÍAxMÉTODOS ESTADÍSTICOS aNagore, Gabrieletraductor